000 00605cam a22002057a 4500
001 001367
003 armpunfd
005 20140612090638.0
008 040206e0####xx#a##########000#0#und#d
040 _aarmpunfd
_carmpunfd
080 _a343.9 G 19
100 1 0 _a Garofalo, R.
245 1 0 _aLa criminologia : estudio sobre la naturaleza del crimen y teoria de la penalidad
260 _a Adrid : Daniel Jorro
_b1912. 608 P.
650 7 _a Criminologia
_2LEMB
650 7 _a Naturaleza Del Crimen
_2LEMB
650 7 _a Teoria Del Delito
_2LEMB
942 _cLB
_2cdu
945 _aCatalis
_d2010-08-19
999 _c1358
_d231862